An evaluation of factors contributing to Stock Market activity (Liquidity) constraints in Zambia (Record no. 42660)

MARC details
000 -LEADER
fixed length control field 00653nam a2200157 a 4500
008 - FIXED-LENGTH DATA ELEMENTS--GENERAL INFORMATION
fixed length control field 220224s2018 ||||||||||||||||| || u
050 ## - LIBRARY OF CONGRESS CALL NUMBER
Classification number CBU-PG THESIS/MWI
100 ## - MAIN ENTRY--PERSONAL NAME
Personal name Mwibawa, Mwikisa
245 13 - TITLE STATEMENT
Title An evaluation of factors contributing to Stock Market activity (Liquidity) constraints in Zambia
Statement of responsibility, etc. By Mwibawa Mwikisa
260 ## - PUBLICATION, DISTRIBUTION, ETC.
Place of publication, distribution, etc. Kitwe
Name of publisher, distributor, etc. Copperbelt University
Date of publication, distribution, etc. 2018
300 ## - PHYSICAL DESCRIPTION
Extent xi, 72 Pages : illustrations
650 ## - SUBJECT ADDED ENTRY--TOPICAL TERM
Topical term or geographic name entry element STOCK MARKET--PERFORMANCE
650 ## - SUBJECT ADDED ENTRY--TOPICAL TERM
Topical term or geographic name entry element STOCK EXCHANGES
650 ## - SUBJECT ADDED ENTRY--TOPICAL TERM
Topical term or geographic name entry element STOCK MARKET
995 ## - RECOMMENDATION 995 [LOCAL, UNIMARC FRANCE]
-- CBU-MAIN LIBRARY (Kitwe)
-- 1
-- AVAILABLE
-- Oct 14, 2022
-- University Collection
Holdings
Withdrawn status Lost status Source of classification or shelving scheme Damaged status Not for loan Home library Current library Shelving location Date acquired Total Checkouts Full call number Barcode Date last seen Price effective from Koha item type
          CBU-MAIN LIBRARY, KITWE. CBU-MAIN LIBRARY, KITWE.   11/30/2022   CBU-PG THESIS/MWI B5054 11/30/2022 11/30/2022 MONOGRAPH